000 00619nam a2200217Ii 4500
003 JO-AjNU
008 230606s9999||||xx |||||||||||||| ||und||
020 _a978-0-324-65889-7/0-324-65889-3
040 _aJO-AjNU
_beng
_erda
_cJO-AjNU
041 _aeng
050 1 4 _aHD69.2009
100 3 _aCLEMENTS,JAMES D/JACK GIDO,
_eauthor
_9607
245 0 0 _aEFFECTIVE PROJECT MANAGEMENT
250 _a4th ed
264 3 1 _aAustralia:SOUTH-WESTERN,2009
300 _a486p
336 _atext
_btxt
_2rdacontent
337 _aunmediated
_bn
_2rdamedia
338 _avolume
_bnc
_2rdacarrier
650 4 _a MANAGEMENT- PROJECT
_9608
999 _aE320
_c320
_d320